[Event "Saarland-ch B 89th"]
[Site "Stennweiler"]
[Date "2014.04.18"]
[Round "8"]
[White "Rohr, Christian"]
[Black "Weinmann, Helene"]
[Result "1-0"]
[WhiteElo "1539"]
[BlackElo "1687"]
[PlyCount "93"]
[EventDate "2014.04.11"]
[EventType "swiss"]
[EventRounds "9"]
[EventCountry "GER"]
[SourceTitle "EXT 2016"]
[Source "ChessBase"]
[SourceDate "2015.10.08"]
[SourceVersion "1"]
[SourceVersionDate "2015.10.08"]
[SourceQuality "1"]

1. e4 e5 2. Bc4 Nf6 3. d3 Be7 4. Nf3 Nc6 5. 0-0 0-0 6. Nbd2 d5 7. exd5 Nxd5 8. h3 Be6 9. Re1 Bf6 10. Ne4 Nf4 11. Bxf4 exf4 12. Bxe6 fxe6 13. Nc5 Qd6 14. Nxe6 Rfe8 15. Neg5 Bxb2 16. Rb1 Bc3 17. Rxe8+ Rxe8 18. Ne4 Rxe4 19. dxe4 Qxd1+ 20. Rxd1 Ba5 21. Ng5 h6 22. Ne6 g5 23. Nd8 Nb4 24. Nxb7 Bb6 25. c4 c5 26. a4 Nc6 27. Rd6 Ne5 28. Rxh6 Kg7 29. Re6 Nxc4 30. Rc6 Ne5 31. Rc8 c4 32. Nd6 Nd3 33. Nxc4 Bxf2+ 34. Kf1 Bg3 35. Nd2 Kf6 36. Rc3 Ne5 37. Nf3 a6 38. Ke2 a5 39. Rc5 Nf7 40. Rf5+ Kg6 41. Rxa5 Kh5 42. Rf5 Nd6 43. Rxg5+ Kh6 44. e5 Ne4 45. e6 Nf6 46. e7 Bh4 47. Rf5 1-0

[Event "Saarland-ch B"]
[Site "Eppelborn"]
[Date "2008.03.26"]
[Round "2"]
[White "Rohr, Christian"]
[Black "Hesidenz, Erik"]
[Result "1/2-1/2"]
[WhiteElo "1457"]
[BlackElo "1571"]
[PlyCount "50"]
[EventDate "2008.03.14"]
[EventType "swiss"]
[EventRounds "7"]
[EventCountry "GER"]
[SourceTitle "EXT 2010"]
[Source "ChessBase"]
[SourceDate "2010.11.25"]
[SourceVersion "1"]
[SourceVersionDate "2010.11.25"]
[SourceQuality "1"]

1. e4 g6 2. Nf3 Bg7 3. d4 d6 4. h3 Nd7 5. Nc3 e5 6. d5 Ngf6 7. Bb5 0-0 8. 0-0 Nb6 9. Bg5 Bd7 10. Be2 Qe8 11. b3 a6 12. Nd2 Qc8 13. f4 exf4 14. Rxf4 Nh5 15. Bxh5 f6 16. Bg4 fxg5 17. Rf3 Bxg4 18. hxg4 Qe8 19. Qe2 Bd4+ 20. Kh1 Qe5 21. Qd3 Bxc3 22. Qxc3 Qxc3 23. Rxc3 Rf2 24. Nf3 Re2 25. Rxc7 Rxe4 1/2-1/2

[Event "Saarland-ch B"]
[Site "Eppelborn"]
[Date "2008.03.26"]
[Round "4"]
[White "Rohr, Christian"]
[Black "Reinstaedler, Gerold"]
[Result "1-0"]
[WhiteElo "1457"]
[BlackElo "1612"]
[PlyCount "101"]
[EventDate "2008.03.14"]
[EventType "swiss"]
[EventRounds "7"]
[EventCountry "GER"]
[SourceTitle "EXT 2010"]
[Source "ChessBase"]
[SourceDate "2010.11.25"]
[SourceVersion "1"]
[SourceVersionDate "2010.11.25"]
[SourceQuality "1"]

1. e4 e6 2. Nf3 d5 3. exd5 exd5 4. d4 Nf6 5. Bg5 Be7 6. Bd3 0-0 7. 0-0 Nbd7 8. Re1 c5 9. c3 b6 10. Nbd2 Bb7 11. Ne5 Re8 12. Qf3 Nxe5 13. Rxe5 Ne4 14. Bxe7 Rxe7 15. Nxe4 dxe4 16. Bxe4 Bxe4 17. Rxe4 Rxe4 18. Qxe4 cxd4 19. Rd1 Qe8 20. Rxd4 Qxe4 21. Rxe4 Kf8 22. Kf1 Rc8 23. Ke2 Rc5 24. Kd3 Rc7 25. Rc4 Rd7+ 26. Rd4 Rc7 27. Re4 Rd7+ 28. Kc2 f5 29. Re3 Kf7 30. f4 Kf6 31. b4 g5 32. fxg5+ Kxg5 33. g3 Kg4 34. a4 Kh3 35. Re2 h5 36. Rf2 Rd5 37. Kb3 Re5 38. Kc4 a5 39. b5 Re4+ 40. Kd5 Rxa4 41. Rxf5 Kg4 42. Rf6 Ra2 43. Rxb6 Rxh2 44. Ra6 Rd2+ 45. Kc5 Kxg3 46. Rxa5 h4 47. b6 Rb2 48. Rb5 Rxb5+ 49. Kxb5 h3 50. b7 h2 51. b8Q+ 1-0